[Event "Morbihan-ch 1213"]
[Site "France"]
[Date "2013.03.16"]
[Round "6"]
[White "Le Corre, Yves"]
[Black "Lages, Michel"]
[Result "0-1"]
[WhiteElo "1920"]
[BlackElo "1917"]
[PlyCount "106"]
[EventDate "2012.10.27"]
[EventType "swiss"]
[EventRounds "7"]
[EventCountry "FRA"]
[SourceTitle "EXT 2014"]
[Source "ChessBase"]
[SourceDate "2013.11.20"]
[SourceVersion "1"]
[SourceVersionDate "2013.11.20"]
[SourceQuality "1"]

1. d4 e6 2. e4 d5 3. Nc3 dxe4 4. Nxe4 Nd7 5. Nf3 Ngf6 6. Ng3 b6 7. Bd3 Bb7 8. 0-0 Be7 9. Qe2 0-0 10. Rd1 Qc8 11. c3 c5 12. Bf4 cxd4 13. cxd4 Nd5 14. Bd2 Qb8 15. Ne5 N7f6 16. Rac1 Rc8 17. Rxc8+ Qxc8 18. Rc1 Qf8 19. Ne4 Nxe4 20. Qxe4 g6 21. Bb1 Rc8 22. Re1 Ba8 23. Qg4 Nf6 24. Qh3 Nh5 25. Ng4 Qg7 26. Re5 Nf6 27. Nh6+ Kh8 28. f3 Ng8 29. Be4 Bf6 30. Bxa8 Bxe5 31. dxe5 Rxa8 32. Ng4 Rd8 33. Bc3 h5 34. Qh4 Rd1+ 35. Kf2 Rd7 36. Ne3 Nh6 37. g4 hxg4 38. fxg4 g5 39. Qh3 Qh7 40. Qf3 Ng8 41. Kg2 Ne7 42. Qf6+ Qg7 43. Qf3 Nd5 44. Nxd5 Rxd5 45. Qe4 Qg6 46. Qxg6 fxg6 47. h3 Kg8 48. Kf3 Rd3+ 49. Kg2 Kf7 50. Kh2 a5 51. a3 a4 52. Kg2 Ke7 53. Kh2 Kd7 0-1

[Event "Morbihan-ch 1213"]
[Site "France"]
[Date "2013.01.19"]
[Round "4"]
[White "Le Corre, Yves"]
[Black "Le Garrec, Maxime"]
[Result "1-0"]
[WhiteElo "1920"]
[BlackElo "1648"]
[PlyCount "47"]
[EventDate "2012.10.27"]
[EventType "swiss"]
[EventRounds "7"]
[EventCountry "FRA"]
[SourceTitle "EXT 2014"]
[Source "ChessBase"]
[SourceDate "2013.11.20"]
[SourceVersion "1"]
[SourceVersionDate "2013.11.20"]
[SourceQuality "1"]

1. d4 b5 2. e4 Bb7 3. Nd2 e6 4. Bxb5 Qg5 5. Bf1 Nf6 6. Ngf3 Qa5 7. e5 Nd5 8. c3 c5 9. Be2 Be7 10. 0-0 Qc7 11. Re1 Nf4 12. Bf1 cxd4 13. cxd4 Bb4 14. Ne4 Nd5 15. Bd2 Be7 16. Rc1 Qb6 17. Bd3 Nc6 18. Bc3 Ncb4 19. Bb1 Nf4 20. Qd2 Nbd5 21. Ba5 Qb5 22. Nc5 Bc6 23. b4 Qa4 24. Nxa4 1-0

[Event "Morbihan-ch 1213"]
[Site "France"]
[Date "2012.10.27"]
[Round "1"]
[White "Le Gal, Loic"]
[Black "Le Corre, Yves"]
[Result "0-1"]
[WhiteElo "1537"]
[BlackElo "1920"]
[PlyCount "50"]
[EventDate "2012.10.27"]
[EventType "swiss"]
[EventRounds "7"]
[EventCountry "FRA"]
[SourceTitle "EXT 2014"]
[Source "ChessBase"]
[SourceDate "2013.11.20"]
[SourceVersion "1"]
[SourceVersionDate "2013.11.20"]
[SourceQuality "1"]

1. c4 Nf6 2. Nc3 g6 3. e3 Bg7 4. g3 0-0 5. Bg2 d6 6. Nge2 Nc6 7. a3 a5 8. 0-0 e5 9. d4 exd4 10. exd4 Re8 11. d5 Ne5 12. b3 Nfd7 13. Bb2 Nc5 14. Be4 Bg4 15. Qc2 Bf3 16. Bxf3 Nxf3+ 17. Kg2 Ne5 18. b4 Ncd3 19. Nd1 Nxb2 20. Nxb2 axb4 21. axb4 Qf6 22. Rxa8 Rxa8 23. Nd3 Qf3+ 24. Kh3 Nxd3 25. Ng1 Qf5+ 0-1

[Event "Morbihan-ch 1112"]
[Site "Morbihan"]
[Date "2012.03.10"]
[Round "6.3"]
[White "Le Corre, Yves"]
[Black "Potier, Pierre"]
[Result "1-0"]
[WhiteElo "1830"]
[BlackElo "1600"]
[PlyCount "53"]
[EventDate "2011.10.08"]
[EventType "swiss"]
[EventRounds "7"]
[EventCountry "FRA"]
[SourceTitle "EXT 2014"]
[Source "ChessBase"]
[SourceDate "2013.11.20"]
[SourceVersion "1"]
[SourceVersionDate "2013.11.20"]
[SourceQuality "1"]

1. d4 d5 2. c4 Nf6 3. cxd5 Nxd5 4. Nf3 Nc6 5. e4 Nb6 6. d5 Na5 7. Nc3 e6 8. Be2 Bb4 9. 0-0 0-0 10. dxe6 Bxe6 11. Qc2 h6 12. b3 Nc6 13. Rd1 Qe7 14. Nd5 Bxd5 15. exd5 Ne5 16. Bb2 Bd6 17. Rac1 Rad8 18. a4 c6 19. dxc6 Nxc6 20. Qc3 f6 21. Bd3 Nd5 22. Bc4 Bb4 23. Qd3 Ne5 24. Bxe5 fxe5 25. Bxd5+ Kh8 26. Qe4 b6 27. Nxe5 1-0